An introduction to software physics (Record no. 326)
[ view plain ]
| 000 -LEADER | |
|---|---|
| fixed length control field | nam a22 a 4500 |
| 005 - DATE AND TIME OF LATEST TRANSACTION | |
| control field | 20170503113235.0 |
| 008 - FIXED-LENGTH DATA ELEMENTS--GENERAL INFORMATION | |
| fixed length control field | 170503b1985 xxu||||| |||| 00| 0 eng d |
| 020 ## - INTERNATIONAL STANDARD BOOK NUMBER | |
| International Standard Book Number | 007035247X |
| 040 ## - CATALOGING SOURCE | |
| Original cataloging agency | AKMAL |
| 100 ## - MAIN ENTRY--PERSONAL NAME | |
| Personal name | Kolence, Kenneth W. |
| 9 (RLIN) | 744 |
| 245 ## - TITLE STATEMENT | |
| Title | An introduction to software physics |
| Remainder of title | the meaning of computer measurement / |
| Statement of responsibility, etc. | Kenneth Kolence. |
| 260 ## - PUBLICATION, DISTRIBUTION, ETC. | |
| Place of publication, distribution, etc. | New York |
| Name of publisher, distributor, etc. | McGraw-Hill |
| Date of publication, distribution, etc. | c1985. |
| 300 ## - PHYSICAL DESCRIPTION | |
| Dimensions | cm |
| 490 ## - SERIES STATEMENT | |
| Series statement | McGraw-Hill series in software engineering and technology |
| 599 ## - LOCAL NOTE | |
| Local Note | DALAM PROSES |
| 852 ## - LOCATION | |
| Location | British Library |
| Sublocation or collection | DSC |
| 942 ## - ADDED ENTRY ELEMENTS (KOHA) | |
| Source of classification or shelving scheme | |
| Koha item type | Book |
| Withdrawn status | Lost status | Source of classification or shelving scheme | Damaged status | Not for loan | Collection code | Home library | Current library | Shelving location | Date acquired | Inventory number | Total Checkouts | Barcode | Date last seen | Price effective from | Koha item type |
|---|---|---|---|---|---|---|---|---|---|---|---|---|---|---|---|
| NON-FICTION | AKMAL Melaka | AKMAL Melaka | PINJAMAN | 03.05.2017 | 000376 | 201701146 | 03.05.2017 | 03.05.2017 | Book |
